00400nam a2200157 4500020001800000082002500018100001600043245003900059260003000098300001000128650002600138650002600164650001600190650002300206650001300229 a9789348164896 aM 494.812 014bSHY/V aShylaja T G aVakkukal vakkukal/cby Shylaja T G aS.L:bShylaja T G,c2025. a110p. aWords Malayalam Study aLinguistics Malayalam aLinguistics aLanguage Malayalam aLanguage